000
00288nam a22001337a 4500
008
181001b xxu||||| |||| 00| 0 eng d
020
_a
9780471293286
041
_a
eng
080
_a
941
100
_a
16
101
_a
HIS
245
_a
Landscapes History
_c
Pregill.P
942
_2
udc
_c
BK
999
_c
48720
_d
48720